|
|
|
|
| LEADER |
01629nam a2200349 4500 |
| 001 |
DLU120144968 |
| 005 |
##20121221 |
| 040 |
# |
# |
|a DLU
|b vie
|
| 041 |
# |
# |
|a vie
|
| 044 |
# |
# |
|a vn
|
| 082 |
# |
# |
|a 332.12
|b Gia
|
| 245 |
# |
# |
|a Giáo trình nghiệp vụ ngân hàng thương mại /
|c Phan Thị Cúc chủ biên, ... [et al].
|
| 260 |
# |
# |
|a H. :
|b Thống kê,
|c 2009.
|
| 300 |
# |
# |
|a 405 tr. ;
|c 24 cm.
|
| 505 |
# |
# |
|a Chương 1. Tổng quan ngân hàng thương mại trong bối cảnh hội nhập -- Chương 2. Nguồn vốn và quản lý nguồn vốn của ngân hàng thương mại -- Chương 3. Vấn đề chung về cho vay của ngân hàng thương mại -- Chương 4. Cho vay ngắn hạn của ngân hàng thương mại -- Chương 5. Cho vay trung dài hạn của ngân hàng thương mại -- Chương 6. Dịch vụ thanh toán của ngân hàng thương mại -- Chương 7. Dịch vụ khác của ngân hàng thương mại -- Chương 8. Rủi ro và nguyên tắc cơ bản quản lý, giảm thiểu rủi ro trong hoạt động ngân hàng thương mại.
|
| 650 |
# |
# |
|a Ngân hàng và nghiệp vụ ngân hàng
|v Giáo trình.
|
| 700 |
# |
# |
|a Đoàn Văn Huy,
|c ThS.
|
| 700 |
# |
# |
|a Huỳnh Thị Thuý Giang,
|c ThS.
|
| 700 |
# |
# |
|a Nguyễn Mỹ Linh,
|c ThS.
|
| 700 |
# |
# |
|a Nguyễn Thị Tuyết Nga,
|c ThS.
|
| 700 |
# |
# |
|a Phan Thị Cúc,
|c PGS.TS.
|e chủ biên
|
| 923 |
# |
# |
|a 08/2012
|
| 991 |
# |
# |
|a GT
|
| 992 |
# |
# |
|a 86000
|
| 994 |
# |
# |
|a DLU
|
| 900 |
# |
# |
|a True
|
| 911 |
# |
# |
|a Đào Thị Thu Huyền
|
| 925 |
# |
# |
|a G
|
| 926 |
# |
# |
|a A
|
| 927 |
# |
# |
|a SH
|
| 980 |
# |
# |
|a Thư viện Trường Đại học Đà Lạt
|